LOKANUGRAHI (Record no. 25303)

MARC details
000 -LEADER
fixed length control field 00358nam a2200145Ia 4500
005 - DATE AND TIME OF LATEST TRANSACTION
control field 20250409181606.0
008 - FIXED-LENGTH DATA ELEMENTS--GENERAL INFORMATION
fixed length control field 250409s9999||||xx |||||||||||||| ||und||
020 ## - INTERNATIONAL STANDARD BOOK NUMBER
International Standard Book Number 9788182719101
100 ## - MAIN ENTRY--PERSONAL NAME
Personal name SHAIKH MUHAMMED KARAKUNNU
245 #0 - TITLE STATEMENT
Title LOKANUGRAHI
260 ## - PUBLICATION, DISTRIBUTION, ETC.
Name of publisher, distributor, etc. ISLAMIC PUBLISHING HOUSE
Place of publication, distribution, etc. KOZHIKODE
300 ## - PHYSICAL DESCRIPTION
Extent 142.P
650 ## - SUBJECT ADDED ENTRY--TOPICAL TERM
Form subdivision Biography
942 ## - ADDED ENTRY ELEMENTS (KOHA)
Koha item type BOOK
Holdings
Withdrawn status Lost status Damaged status Not for loan Collection Home library Current library Shelving location Date acquired Total checkouts Full call number Barcode Date last seen Price effective from Koha item type
        Biography St.Dominics College Library St.Dominics College Library General Stack 04/09/2025   923.2 MUH 34134 04/09/2025 04/09/2025 BOOK